000 00806nam a22002657a 4500
001 8411
003 FISKH
005 20250910155321.0
008 250910b cb ||||| |||| 00| 0 eng d
020 _a0561561479
040 _aFISKH
_beng
_cFISKH
_dFISKH
082 _a599.4
100 _aArneson, D.J.
245 _aBats :
_bA nature-fact book /
_cby D.J.Arneson
260 _aCalifornia :
_bKidsbooks, Inc.,
_c1992.
300 _a32 unnumbered pages :
_bcolor illustrations ;
_c21 cm.
505 _aQ
520 _aDiscusses the physical characteristics and habits of and the myths and superstitions about bats.
521 8 _a660
_bLexile
521 8 _aQ
_bRaz-Plus
650 _aBats
_vNon-fiction
650 _aScience
_vNon-fiction
942 _2ddc
_cBK
_n0
999 _c8411
_d8411